Administración de Personal. Segunda parte : (Registro nro. 21630)

Detalles MARC
000 -Cabecera
Campo de control interno 01001nam a2200229Ia 4500
005 - Fecha y hora del registro
control field 20260416143630.0
008 - Elementos de Longitud Fija
fixed length control field 260320s9999||||xx |||||||||||||| ||und||
041 ## - Idioma
Codigo Idioma ESP
082 ## - DEWEY y NOTACIÓN INTERNA
Dewey 658.3
Notación Interna R47 P. 2
100 ## - AUTOR
Autor denominación Reyes Ponce, Agustín,
Término de relación autor
245 #0 - TÍTULO DE MATERIAL BIBLIOGRÁFICO
Título Administración de Personal. Segunda parte :
Título paralelo sueldos y salarios
250 ## - EDICIÓN
Edición Primera edición, decimaprimera reimpresión
260 ## - CIUDAD, EDITORIAL, AÑO
Ciudad [Lugar de publicación no identificado] :
Nombre de la Editorial [Editor no identificado],
Año [Fecha de publicación no identificada]
300 ## - DESCRIPCIÓN
N° Páginas 239 páginas :
Otros detalles cuadros ;
Dimensiones 21 cm.
650 ## - TEMAS
Temas Tecnología (Ciencias Aplicadas)
653 ## - DESCRIPTORES
Lenguajes no controlado Administración de personal; Gestión de personal; Salarios
654 ## - PROGRAMAS
Programa Dpto. de Administración de Negocios
856 ## - URL - UBICACIÓN
URI/URL: Enlace exacto del recurso <a href="https://0u213wqyq-y-https-ebooks7--24-com.itmsp.museknowledge.com/biblioteca.aspx">https://0u213wqyq-y-https-ebooks7--24-com.itmsp.museknowledge.com/biblioteca.aspx</a>
Nota pública: Versión digital <a href="Véase además: Base de datos Ebook7-24">Véase además: Base de datos Ebook7-24</a>
856 ## - URL - UBICACIÓN
URI/URL: Enlace exacto del recurso <a href="https://0u20fwqys-y-https-research-ebsco-com.itmsp.museknowledge.com/c/qxo6us/search">https://0u20fwqys-y-https-research-ebsco-com.itmsp.museknowledge.com/c/qxo6us/search</a>
Nota pública: Versión digital <a href="Véase además: Base de datos EBSCOhost">Véase además: Base de datos EBSCOhost</a>
942 ## - ELEMENTOS DE KOHA
Tipo de documento Libro
Nombre del creador Justo Noguera
Código de catalogador Margarita Torres
Esquema de clasificación Dewey Decimal Classification
Existencias
Codigo completo Registro Colección Copia número Disponibilidad Tipo de préstamo Biblioteca Actual Procedencia (Biblioteca) Ubicacón Fecha Ingreso Tipo de Adquisición Observación Date last seen Total checkouts Price effective from Tipo de Item Estado del Material Fuente de Clasificación Damaged status Withdrawn status
658.3 R47 P. 2 1085011 Universidad Católica San Pablo 1 Disponible Disponible Víctor Andrés Belaunde Víctor Andrés Belaunde Planta baja cerrada 10/03/2026 Compra Contabilidad 20/03/2026   20/03/2026 Libro Bueno Dewey Decimal Classification